| 000 | 00397nam a2200133Ia 4500 | ||
|---|---|---|---|
| 008 | 170516s9999 xx 000 0 und d | ||
| 245 | _aMultifunctional Upconversion-Magnetic Hybrid Nanostructured Materials: Synthesis and Bioapplications | ||
| 260 | _bTheranostics | ||
| 260 | _c2013 | ||
| 300 | _a3:5 | ||
| 650 | _xMedical Technology | ||
| 650 | _xMedtech | ||
| 856 | _uhttp://www.thno.org/v3i5 | ||
| 999 |
_c330522 _d330522 |
||